LEADER 00922cam0 2200277 450 001 E600200043676 005 20260402121011.0 100 $a20090112d1974 |||||ita|0103 ba 101 $aita 102 $aIT 200 1 $a<>capitale d'avventura$fFederico Orlando$gpref. Antonio Ghirelli 210 $aFirenze$cSansoni$d1974 215 $a159 p.$d20 cm 225 2 $aAttualitą politica 410 1$1001LAEC00025469$12001 $a*Attualitą politica 700 1$aOrlando$b, Federico$3A600200042750$4070$0155834 702 1$aGHIRELLI, Antonio$3AF00024469$4070 801 0$aIT$bUNISOB$c20260402$gRICA 850 $aUNISOB 852 $aUNISOB$j320$m21082 912 $aE600200043676 940 $aM 102 Monografia moderna SBN 941 $aM 957 $a320$b002846$gSi$d21082$racquisto$1pregresso3$2UNISOB$3UNISOB$420090112113955.0$520260402121011.0$6bethb 996 $aCapitale d'avventura$9864363 997 $aUNISOB